00613 2200241 4500001002100000005001700021008004100038035002400079082001000103090001700113100001600130245005700146250001000203260003100213300002300244500002700267650001900294850001200313980001300325985000600338986001200344999001500356YOGYA-0209000001940820090227022957.0 ind  0010-020900000019408 a621.3 a621.3bHar D aHARDY, Syam aDasar - dasar teknik listrik aliran tatacSyam Hardi aCet.1 aJakartabBina Aksarac1983 a..jilbilusc21 cm aYang diterima : jil. 2 aTeknik listrik aYOPDYOG a18-03-06 a1 aPKL-ATM aP000026046